000 00352nam a22001697a 4500
003 UA-OsUOA
001 5293
007 ta
008 20050721b un ||||| |||| 00| 0 ukr d
100 _aGana
700 _aDavid
942 _cBK
040 _aUA-OsUOA
_cUA-OsUOA
_dUA-OsUOA
245 _aNeue Perspektiven. S\B
_bGerman
955 _a2
650 7 _2UDC
999 _c291455
_d291455